000 00593cab a2200193 4500
001 X1317
008 090401t1994 xxu||||| |||| 00| 0 eng d
035 _a(Sirsi) u16170
041 _aeng
245 _aRICS hopes investigation into mortgage valuation services will increase borrower freedom
260 _c1994
350 _a0
490 _aCSM (Chartered Surveyor Monthly)
_v3(6) March 1994, 6(1)
650 _aMONOPOLIES AND MERGERS COMMISSION
650 _aMORTGAGE VALUATIONS
690 _aMANAGEMENT-BUSINESS MANAGEMENT-PROFESSIONAL PRACTICE
942 _n0
948 _c04/03/1997
999 _c10627
_d10627